Les plus gros transferts du football - Arrières droits - 2011-2012 - Statistiques

Statistiques générales
  • Ce quiz a été pris 15 fois
  • Le résultat moyen est 2 sur 10
Statistiques - réponses
Montant de transfert (M €) Nationalité Venant de Allant à Joueur % Correct
9,93 Suisse Lazio Rome Juventus Turin Stephan Lichtsteiner
86%
5,50 Brésil Genoa Bayern Munich Rafinha
57%
3,50 Côte d'Ivoire / Belgique Arsenal Galatasaray Emmanuel Eboué
36%
4,00 France Genoa Lazio Rome Abdoulay Konko
21%
5,00 Brésil Santos Inter Jonathan Jonathan
7%
4,00 Portugal PAOK Saloniki VfL Wolfsburg Vieirinha
7%
4,50 Écosse Tottenham Aston Villa Alan Hutton
0%
3,75 Italie Udinese Juventus Turin Marco Motta
0%
3,50 Turquie Genclerbirligi Fenerbahce Orhan Şam
0%
8,00 Portugal SC Braga Atlètico Madrid Sílvio
0%
Aucun quiz correspondant
Distribution des résultats
% des personnes avec chaque résultat
Percentile par nombre de réponses
Votre historique - résultats
Vous n’avez pas pris ce quiz